Statystyki dla Państwa według salda migracji

Kliknij tutaj aby rozwiązać quiz!

Ogólne statystyki

  • Ten quiz został rozwiązany 14 387 razy
  • Średni wynik to 15 z 24

Statystyki odpowiedzi

Saldo migracjiKraj% Poprawnych
+4 500 000Stany Zjednoczone
98%
-1 625 000Chiny
93%
+1 850 000Niemcy
93%
+400 000Francja
92%
+800 000Rosja
92%
+1 100 000Kanada
88%
+900 000Wielka Brytania
85%
-2 450 000Indie
83%
-300 000Meksyk
82%
+350 000Włochy
78%
+850 000Australia
71%
+1 525 000Turcja
66%
-1 240 000Syria
58%
-1 070 000Pakistan
55%
-825 000Indonezja
54%
-300 000Afganistan
48%
+590 000Arabia Saudyjska
48%
-300 000Nigeria
44%
+300 000Zjednoczone Emiraty Arabskie
39%
-2 350 000Bangladesz
37%
-650 000Filipiny
31%
+605 000Oman
25%
-350 000Nepal
15%
-450 000Sri Lanka
13%

Rozkład punktacji

Percentyl według liczby udzielonych odpowiedzi

Procent ludzi z każdym wynikiem

Twoja historia wyników

Nie rozwiązałeś tego quizu